000 00462nam a22001817a 4500
005 20251108173650.0
008 250721s2002 xx 000 0 eng d
020 _a761451277
082 1 4 _aJ/F/KAR
100 1 _alangley, KAREN
245 1 0 _ashine /
264 1 _anew york :
_bmarshall cavendish,
_c2002.
300 _a30 P.
650 1 7 _aFICTION
653 _aمرحلة أطفال متوسطة (6-9 سنوات )
942 _2ddc
_cBK
999 _c109420
_d109420